[Event "Titled Tuesday intern op 06th Aug Late"]
[Site "Chess.com INT"]
[Date "2024.08.06"]
[Round "1"]
[White "Manon Og, Ramon Jr"]
[Black "Sargsyan, Anna M"]
[Result "0-1"]
[WhiteElo "1936"]
[BlackElo "2371"]
[PlyCount "70"]
[EventDate "2024.08.06"]
[EventType "swiss (blitz)"]
[EventRounds "11"]
[EventCountry "USA"]
[SourceTitle "EXT 2025"]
[Source "ChessBase"]
[SourceDate "2024.10.14"]
[SourceVersion "1"]
[SourceVersionDate "2024.10.14"]
[SourceQuality "1"]

1. e4 c6 2. d4 d5 3. e5 Bf5 4. Nd2 e6 5. Nb3 Nd7 6. Nf3 Qc7 7. Be2 c5 8. c3 Ne7 9. 0-0 Nc6 10. h3 Be7 11. Bf4 0-0 12. Rc1 c4 13. Nbd2 b5 14. Re1 b4 15. Nf1 bxc3 16. bxc3 Ba3 17. Rc2 Bxc2 18. Qxc2 Rab8 19. Ng5 g6 20. Qd2 Rb2 21. Qe3 Ne7 22. g4 Qa5 23. Qg3 h6 24. Qh4 hxg5 25. Bxg5 Qxc3 26. Bf6 Nxf6 27. exf6 Qxd4 28. Nh2 Nf5 29. Qg5 Bc5 30. Rf1 Rxe2 31. Nf3 Qe4 32. gxf5 Qxf3 33. Qh6 Bxf2+ 34. Rxf2 Qxf2+ 35. Kh1 Qg2# 0-1

[Event "Titled Tuesday intern op 30th Jul Early"]
[Site "Chess.com INT"]
[Date "2024.07.30"]
[Round "9"]
[White "Baches Garcia, Guillermo"]
[Black "Manon Og, Ramon Jr"]
[Result "1-0"]
[WhiteElo "2322"]
[BlackElo "1960"]
[PlyCount "67"]
[EventDate "2024.07.30"]
[EventType "swiss (blitz)"]
[EventRounds "11"]
[EventCountry "USA"]
[SourceTitle "EXT 2025"]
[Source "ChessBase"]
[SourceDate "2024.10.14"]
[SourceVersion "1"]
[SourceVersionDate "2024.10.14"]
[SourceQuality "1"]

1. d4 Nf6 2. c4 g6 3. Nc3 d5 4. cxd5 Nxd5 5. e4 Nxc3 6. bxc3 Bg7 7. Nf3 c5 8. Bb5+ Nd7 9. 0-0 0-0 10. Be3 cxd4 11. cxd4 Nf6 12. Bd3 Bg4 13. h3 Bxf3 14. Qxf3 Rc8 15. Rad1 Qa5 16. Qe2 Rfd8 17. Qb2 b6 18. Rc1 e6 19. a4 h6 20. Qb5 Qxb5 21. axb5 Ne8 22. e5 Rxc1 23. Rxc1 Bxe5 24. dxe5 Rxd3 25. Rc8 Kf8 26. Bxh6+ Ke7 27. Bg5+ f6 28. exf6+ Kf7 29. f4 Rd7 30. g4 Nd6 31. Rh8 Nxb5 32. Rh7+ Ke8 33. Rxd7 Kxd7 34. f7 1-0

[Event "Titled Tuesday intern op 30th Jul Early"]
[Site "Chess.com INT"]
[Date "2024.07.30"]
[Round "10"]
[White "Clarke, Adani"]
[Black "Manon Og, Ramon Jr"]
[Result "0-1"]
[WhiteElo "1919"]
[BlackElo "1960"]
[PlyCount "190"]
[EventDate "2024.07.30"]
[EventType "swiss (blitz)"]
[EventRounds "11"]
[EventCountry "USA"]
[SourceTitle "EXT 2025"]
[Source "ChessBase"]
[SourceDate "2024.10.14"]
[SourceVersion "1"]
[SourceVersionDate "2024.10.14"]
[SourceQuality "1"]

1. Nf3 Nf6 2. b3 g6 3. Bb2 Bg7 4. g3 0-0 5. Bg2 d5 6. d3 c5 7. 0-0 Nc6 8. Nbd2 d4 9. e3 dxe3 10. fxe3 Bh6 11. e4 Ng4 12. Re1 Ne3 13. Qc1 Nxg2 14. Kxg2 b6 15. Qd1 Bb7 16. Nc4 Nd4 17. Nxd4 cxd4 18. Kg1 Rc8 19. a4 Qd7 20. Qe2 Qh3 21. Qg2 Qh5 22. Qe2 Qh3 23. Bxd4 Rfd8 24. Be3 Bg7 25. Rad1 Rc7 26. Bf4 Rcd7 27. Qg2 Qe6 28. Be3 Bxe4 29. Qf2 Qh3 30. Rd2 Bd5 31. Rde2 e6 32. Bg5 Rc8 33. Bf4 Qh5 34. Ne5 Rdc7 35. c4 Bb7 36. d4 Re7 37. h4 Bxe5 38. Rxe5 Qg4 39. Rg5 Qh3 40. Qh2 Qxh2+ 41. Kxh2 f6 42. Rb5 Rd8 43. Be3 Kf7 44. a5 Bc6 45. Rb4 bxa5 46. Rb5 Bxb5 47. cxb5 Rb8 48. Ra1 Rxb5 49. Bf4 Rd7 50. Ra4 Rxb3 51. Rxa5 Rb2+ 52. Kh3 Rb3 53. h5 g5 54. Bc1 Rd3 55. Bb2 Rb7 56. Ba3 Rxd4 57. Bc5 g4+ 58. Kh4 Rc4 59. Bd6 h6 60. Bf4 f5 61. Ra6 Rb1 62. Bxh6 Rh1+ 63. Kg5 Rh3 64. Rxa7+ Ke8 65. Kf6 Rxg3 66. Bg5 Rf3 67. h6 Rh3 68. Kg6 g3 69. h7 Rg4 70. Ra8+ Kd7 71. h8Q Rxh8 72. Rxh8 g2 73. Rd8+ Kc6 74. Rc8+ Kb7 75. Rc1 g1Q 76. Rxg1 Rxg1 77. Kf6 Kc6 78. Bf4 Kd5 79. Bc7 Rf1 80. Bb6 f4 81. Kg5 f3 82. Kg4 e5 83. Kg3 e4 84. Bf2 Rxf2 85. Kxf2 Kd4 86. Ke1 Kd3 87. Kf1 Kd2 88. Kf2 e3+ 89. Kxf3 e2 90. Ke4 e1Q+ 91. Kd4 Qe3+ 92. Kc4 Qd3+ 93. Kc5 Qe4 94. Kd6 Qf5 95. Kc6 Qe5 0-1

[Event "Titled Tuesday intern op 30th Jul Early"]
[Site "Chess.com INT"]
[Date "2024.07.30"]
[Round "7"]
[White "Gong, Daniel Hanwen"]
[Black "Manon Og, Ramon Jr"]
[Result "1/2-1/2"]
[WhiteElo "2259"]
[BlackElo "1960"]
[PlyCount "79"]
[EventDate "2024.07.30"]
[EventType "swiss (blitz)"]
[EventRounds "11"]
[EventCountry "USA"]
[SourceTitle "EXT 2025"]
[Source "ChessBase"]
[SourceDate "2024.10.14"]
[SourceVersion "1"]
[SourceVersionDate "2024.10.14"]
[SourceQuality "1"]

1. d4 Nf6 2. Bf4 g6 3. Nc3 d5 4. e3 Bg7 5. h4 h5 6. Nf3 0-0 7. Ne5 c5 8. dxc5 Nc6 9. Nxc6 bxc6 10. Be5 Re8 11. Qd4 Qa5 12. a3 Bf5 13. b4 Qd8 14. Bd3 Qd7 15. 0-0 Kh7 16. f3 Rg8 17. Ne2 Bxd3 18. cxd3 a5 19. Qc3 Bh6 20. d4 Qb7 21. Rfb1 axb4 22. axb4 Qb5 23. Kf2 Nd7 24. Bf4 Bg7 25. Bc7 f6 26. Rd1 e5 27. Rxa8 Rxa8 28. Ba5 f5 29. Qd3 Qa4 30. dxe5 Nxe5 31. Qb1 Nc4 32. Nd4 Re8 33. Qb3 Qxb3 34. Nxb3 Rxe3 35. Nd2 Rd3 36. Ke2 Re3+ 37. Kf2 Rd3 38. Ke2 Re3+ 39. Kf1 Rd3 40. Ke2 1/2-1/2

[Event "Titled Tuesday intern op 30th Jul Early"]
[Site "Chess.com INT"]
[Date "2024.07.30"]
[Round "1"]
[White "Manon Og, Ramon Jr"]
[Black "Rahman, Adel"]
[Result "0-1"]
[WhiteElo "1960"]
[BlackElo "2273"]
[PlyCount "48"]
[EventDate "2024.07.30"]
[EventType "swiss (blitz)"]
[EventRounds "11"]
[EventCountry "USA"]
[SourceTitle "EXT 2025"]
[Source "ChessBase"]
[SourceDate "2024.10.14"]
[SourceVersion "1"]
[SourceVersionDate "2024.10.14"]
[SourceQuality "1"]

1. e4 c5 2. Nf3 d6 3. Bb5+ Bd7 4. Bxd7+ Qxd7 5. c4 Nc6 6. Nc3 g6 7. d4 cxd4 8. Nxd4 Bg7 9. Be3 Ne5 10. b3 Ng4 11. Bg5 h6 12. Bh4 N8f6 13. 0-0 0-0 14. Nd5 g5 15. Bg3 Nxe4 16. Nxe7+ Qxe7 17. Nf5 Qe6 18. Nxg7 Kxg7 19. Re1 Qf5 20. f3 Nxg3 21. Qd4+ Nf6 22. hxg3 Qc5 23. Rad1 Rfe8 24. Kh2 Qxd4 0-1